| 000 | 01037nam a22002297a 4500 | ||
|---|---|---|---|
| 003 | OSt | ||
| 005 | 20210320160500.0 | ||
| 008 | 210320s2000 ck ||||gr|||| 10| 0 spa d | ||
| 040 |
_aCO-JMCR _cCO-JMCR |
||
| 041 | 0 | _aspa | |
| 082 | 0 | 4 |
_a361.09861 / _bF727fd _223 |
| 111 | 2 |
_aForos regionales Evaluación Integral del Sisben _d(2000 : _cBogotá) _936399 |
|
| 245 | 1 | 0 |
_aMemorias foros regionales del Sisben : _bevaluación integral / _cForos |
| 250 | _aPrimera edfición | ||
| 260 |
_aBogotá : _bDepartamento Nacional de Planeación : Ministerio de Salud : Misión Social, _c2000 |
||
| 300 |
_a46 páginas ; _c28 cm. |
||
| 505 | 0 | _aOrganización de los foros regionales -- Desarrollo de los foros regionales -- El rol del control social | |
| 650 | 1 | 4 |
_aProgramas sociales _vCongresos, conferencias, etc. _xSisben _zColombia _936400 |
| 650 | 1 | 4 |
_aAsistencia pública _vCongresos, conferencias, etc. _zColombia _936401 |
| 650 | 1 | 4 |
_aSistema de selección de beneficiarios _vCongresos, conferencias, etc. _zColombia _936402 |
| 942 |
_2ddc _cBK |
||
| 999 |
_c15456 _d15456 |
||